| 000 | 01071cab a2200229 4500 | ||
|---|---|---|---|
| 001 | ABS51263 | ||
| 008 | 090401t1994 xxu||||| |||| 00| 0 eng d | ||
| 035 | _a(Sirsi) u18179 | ||
| 041 | _aeng | ||
| 100 | _aMcCoig, M. | ||
| 245 | _aAll for the sake of a piece of paper | ||
| 260 | _c1994 | ||
| 350 | _a0 | ||
| 490 |
_aInside Housing _v12 August 1994, 10-11(2) |
||
| 520 | _aSuggests local authorities should make representations to the DoE to amend Landlord and Tenant Act 1987 s48, whereby landlords must provide an address to tenants for the serving of notices by tenants, so that it does not apply to public sector tenancies. This follows a recent court case for possession by a local authority, defeated on the grounds that a s48 notice had not been served, which is having widespread effect on housing associations trying to gain possession orders. | ||
| 650 | _aBARNSLEY MDC V CROSSLAND | ||
| 650 | _aBROMFORD CARINTHIA HOUSING ASSOCIATION | ||
| 650 | _aSOUTH STAFFORDSHIRE DC | ||
| 690 |
_aBlock management _96220 |
||
| 942 | _n0 | ||
| 948 | _c04/03/1997 | ||
| 999 |
_c12059 _d12059 |
||